000 01102cab a22002175a 4500
001 L143056
008 080404s2008 xxkd f s 000 0 eng d
035 _a(Sirsi) u143056
041 0 _aeng
100 1 _aDunse, Neil
245 0 0 _aModelling urban commercial property yields
_bexogenous and endogenous influences
260 _c2008
490 0 _aJournal of Property Research
_v24(4) 2008, 313-314(22)
520 _aArgues that increased weight of money into commercial property since 2000 has led to a convergence of UK provincial city office yields. Reviews the concept of property yield cycle and the idea of a city risk premium. Considers factors impacting on urban office yields. Examines the trends in office yields in the main UK provincial office centres over a twenty year span. Finds that there are some local or fixed effects on yields in the short term but not in the long term.
590 _aKA
651 4 _aUnited Kingdom
_y
690 _aPROPERTY-COMMERCIAL PROPERTY-COMMERCIAL PROPERTY FINANCE AND INVESTMENT
700 1 _aSumita, Kazuto
700 1 _aSeko, Miki
942 _n0
999 _c80045
_d80045